Politics of the gift: Towards a convivial society. Translated by Bjorn Bosserhoff (Record no. 1224917)

MARC details
000 -LEADER
fixed length control field 00700nam a2200229Ia 4500
005 - DATE AND TIME OF LATEST TRANSACTION
control field 20241129104220.0
008 - FIXED-LENGTH DATA ELEMENTS--GENERAL INFORMATION
fixed length control field 241129s9999||||xx |||||||||||||| ||und||
020 ## - INTERNATIONAL STANDARD BOOK NUMBER
International Standard Book Number 9781529226225
037 ## - SOURCE OF ACQUISITION
Stock number Textual
040 ## - CATALOGING SOURCE
Original cataloging agency RTL
Language of cataloging eng
Transcribing agency RTL
041 ## - LANGUAGE CODE
Language code of text/sound track or separate title eng
Source of code eng
084 ## - COLON CLASSIFICATION NUMBER
Classification number Y7 R2
Assigning agency RTL
100 ## - MAIN ENTRY--PERSONAL NAME
Personal name Adloff Frank
9 (RLIN) 725269
245 #0 - TITLE STATEMENT
Title Politics of the gift: Towards a convivial society. Translated by Bjorn Bosserhoff
Statement of responsibility, etc. Adloff Frank
260 ## - PUBLICATION, DISTRIBUTION, ETC.
Place of publication, distribution, etc. United Kingdom
Name of publisher, distributor, etc. Bristol University Press
Date of publication, distribution, etc. 2022
300 ## - PHYSICAL DESCRIPTION
Extent 185p.
365 ## - TRADE PRICE
Price type code INR
Price amount 8155.2
490 ## - SERIES STATEMENT
Series statement Alternatives to Capitalism in the 21st Century
650 ## - SUBJECT ADDED ENTRY--TOPICAL TERM
Topical term or geographic name entry element Sociology
942 ## - ADDED ENTRY ELEMENTS (KOHA)
Koha item type Textbook
Classification part Y7 R2
Holdings
Withdrawn status Lost status Damaged status Not for loan Home library Current library Date acquired Source of acquisition Cost, normal purchase price Inventory number Total Checkouts Full call number Barcode Date last seen Price effective from Koha item type
        Ratan Tata Library Ratan Tata Library 2024-11-29 Segment Book Distributor 8155.20 65638 & 22/02/2023   Y7 R2 RT1502853 2024-11-29 2024-11-29 Textbook
Copyright @ Delhi University Library System